000 nam a22 7a 4500
999 _c25278
_d25278
008 170131b xxu||||| |||| 00| 0 eng d
020 _a9781933107639
050 _aRT 55 .P43 2008
100 _aWissmann, Jeanne
245 _aPharmacology for Nursing Care:
_bReview Module Edition 4.2/
_cJeanne Wissmann
260 _aU.S.A:
_bAssessment Technologies Institute,
_c2008.
300 _axiii,504p.:
_bill.;
_c22cm.
521 _aIncludes index.
650 _aNursing.
942 _2lcc
_cBOOKS
_hRT 55 .P43 2008